ბათუმის შოთა რუსთაველის სახელმწიფო უნივერსიტეტის ბიბლიოთეკა

Русско-немецкий словарь. 22000 слов. (ბიბ.ჩანაწერი № 44420)

000 -LEADER
fixed length control field 00757nam a2200205Ia 4500
001 - CONTROL NUMBER
control field 11186
003 - CONTROL NUMBER IDENTIFIER
control field GE_BSU
008 - FIXED-LENGTH DATA ELEMENTS--GENERAL INFORMATION
fixed length control field 181216s||||||||xx |||||||||||||| ||und||
040 ## - CATALOGING SOURCE
Transcribing agency GE_BSU
080 ## - UNIVERSAL DECIMAL CLASSIFICATION NUMBER
Universal Decimal Classification number 811.161.1+811.11(038)
245 ## - TITLE STATEMENT
Title Русско-немецкий словарь. 22000 слов.
245 ## - TITLE STATEMENT
Statement of responsibility, etc. Под.ред:А.А.Лепинта. словарь составили:Е.Б.Линднер, М.А.Дарская.А.А. Лепинт и М.А.Сергиевская. Ред:Н.Н.Гришин.
250 ## - EDITION STATEMENT
Edition statement изд.9-е.стереотип.
260 ## - PUBLICATION, DISTRIBUTION, ETC.
Place of publication, distribution, etc. Москва
260 ## - PUBLICATION, DISTRIBUTION, ETC.
Name of publisher, distributor, etc. Госиздат.
260 ## - PUBLICATION, DISTRIBUTION, ETC.
Date of publication, distribution, etc. 1955.
300 ## - PHYSICAL DESCRIPTION
Extent 568стр,17см.
653 ## - INDEX TERM--UNCONTROLLED
Uncontrolled term Русско-немецкий словарь. 22000 слов.
942 ## - ADDED ENTRY ELEMENTS (KOHA)
Koha item type წიგნი
ეგზემპლარები
Withdrawn status Lost status Damaged status Not for loan Date acquired Barcode Date last seen Price effective from Koha item type
        2018-12-17 19373 2018-12-17 2018-12-17 წიგნი